000 00480nam a2200181 a 4500
001 6675
005 20180713190541.0
008 140415s1956 000 0 spa d
041 _aspa
082 _a301
_bOSB
100 1 _aOSBORN, F.
245 1 4 _aLOS LIMITES DE LA TIERRA
260 _a[s.l.] :
_bFONDO DE CULTURA ECONOMICA,
_c1956
300 _a198
490 _aSECCION DE OBRAS DE SOCIOLOGIA
650 1 4 _aSOCIOLOGIA
700 1 _aAQUINO, FRANCISCO
_etr.
999 _c6675
_d6675